| 000 | 00417cam a2200157ua 4500 | ||
|---|---|---|---|
| 041 |
_aeng _h |
||
| 082 |
_a824 _bHUL/SP |
||
| 100 | _aHulme, T E . | ||
| 245 |
_aSpeculations: Essays on humanism and the philosophy of art / _cT E Hulme. _hTextual Documents |
||
| 250 |
_a2 / _b. |
||
| 260 |
_aLondon : _bRoutledge & Kegan Paul Ltd , _c1958. |
||
| 300 | _a278 ; . | ||
| 504 | _a | ||
| 942 | _cBK | ||
| 999 |
_c6932 _d6932 |
||